000 00311nam a2200133Ia 4500
008 150201s2008 xx 000 0 und d
082 _a611
_bH08H
100 _aHALIM,A
245 _aHUMAN ANATOMY-I
250 _a1ST
260 _bI.K. INTERNATIONAL
_aDELHI
_c2008
650 _aHUMAN ANATOMY
942 _2ddc
_cBK
_01
999 _c826
_d826